00527nam a2200181Ia 450000500170000000800410001702000270005804000190008504100120010408200160011610000250013224500600015726000410021730000140025850400360027265000270030885000100033520221107130411.0131103s9999 xx 000 0 und d aSBN 0195624904cRs.197 aLoreto College aEnglish a954.02bSTR aStreusand,Douglas E. 4aThe formation of the Mughal empirecDouglas E.Streusand aDelhibOxford University Pressc1989 ax,206 p.  aIncludes index and bibliography aAncient Indian History aLCLIB